Entrada Nombre personal
Número de registros utilizados en: 8
001 - NÚMERO DE CONTROL
003 - IDENTIFICADOR DEL NÚMERO DE CONTROL
- campo de control:
DR-UNIBE
005 - FECHA Y HORA DE LA ÚLTIMA TRANSACCIÓN
- campo de control:
20250407103944.0
008 - DATOS DE LONGITUD FIJA
- campo de control de longitud fija:
250407|| aca||aabn | a|a d
040 ## - FUENTE DE LA CATALOGACIÓN
- Centro catalogador/agencia de origen:
DR-UNIBE
- Centro/agencia transcriptor:
DR-UNIBE
100 ## - ENCABEZAMIENTO-NOMBRE DE PERSONA
- Nombre de persona:
Chez Checo, José
- Forma completa/desarrollada del nombre:
(Chez Checo, José Felipe),
- Fechas asociadas al nombre:
1949-
670 ## - FUENTE DE DATOS ENCONTRADOS
- Cita de la fuente:
Work cat.: (DR-UNIBE)2593: Recopilación diplomática relativa a las colonias española y francesa de la isla de Santo Domingo, 1684-1801 / , 2000